Hỏi đáp về kỹ thuật nuôi trồng hoa và cây cảnh. t.II, kỹ thuật nuôi trồng hoa, cây cảnh ngoài trời :cây hoa thân cỏ /
Đã lưu trong:
| Tác giả chính: | |
|---|---|
| Tác giả khác: | |
| Định dạng: | Sách giấy |
| Ngôn ngữ: | Vietnamese |
| Được phát hành: |
H. :
Nông nghiệp,
2004
|
| Phiên bản: | Tái bản lần thứ 3 |
| Những chủ đề: | |
| Các nhãn: |
Thêm thẻ
Không có thẻ, Là người đầu tiên thẻ bản ghi này!
|
| Thư viện lưu trữ: | Thư viện Trường Đại học Đà Lạt |
|---|
| LEADER | 00982nam a2200349 4500 | ||
|---|---|---|---|
| 001 | DLU050049016 | ||
| 005 | ##20051026 | ||
| 040 | # | # | |a DLU |b vie |
| 041 | # | # | |a vie |
| 044 | # | # | |a vn |
| 082 | # | # | |a 635.9 |b JI-H |
| 100 | # | # | |a Jiang Qing Hai |
| 245 | # | # | |a Hỏi đáp về kỹ thuật nuôi trồng hoa và cây cảnh. |n t.II, |p kỹ thuật nuôi trồng hoa, cây cảnh ngoài trời :cây hoa thân cỏ / |c Jiang Qing Hai, Trần Văn Mão |
| 250 | # | # | |a Tái bản lần thứ 3 |
| 260 | # | # | |a H. : |b Nông nghiệp, |c 2004 |
| 300 | # | # | |a 144 tr. ; |c 21 cm |
| 653 | # | # | |a Cây cảnh |
| 653 | # | # | |a Kỹ thuật trồng trọt |
| 653 | # | # | |a Khoa học thường thức |
| 653 | # | # | |a Sách hỏi đáp |
| 700 | # | # | |a Trần Văn Mão |
| 923 | # | # | |a 46/2005 |
| 990 | # | # | |a t.II |
| 992 | # | # | |a 15500 |
| 994 | # | # | |a DLU |
| 900 | # | # | |a True |
| 911 | # | # | |a Đào Thị Thu Huyền |
| 925 | # | # | |a G |
| 926 | # | # | |a A |
| 927 | # | # | |a SH |
| 980 | # | # | |a Thư viện Trường Đại học Đà Lạt |